[Event "FIDE WY-U16 Olympiad 2022"]
[Site "Nakhchivan"]
[Date "2022.10.07"]
[Round "6.4"]
[White "Gamage, Desandhi Dhihansa"]
[Black "Sustov, Savva"]
[Result "0-1"]
[WhiteElo "1778"]
[BlackElo "1957"]
[Annotator "TA"]
[PlyCount "166"]
[EventDate "2022.10.02"]
[EventType "team-tourn"]
[EventCountry "AZE"]
[SourceTitle "playchess.com"]
[Source "ChessBase"]
[SourceQuality "1"]
[WhiteTeam "Sri Lanka"]
[BlackTeam "Moldova"]
[WhiteTeamCountry "SRI"]
[BlackTeamCountry "MDA"]

1. e4 c5 2. Nc3 Nc6 3. Bb5 g6 4. Bxc6 dxc6 5. d3 Bg7 6. Be3 b6 7. Qd2 e5 8. Nge2 h6 9. O-O g5 10. Ng3 Ne7 11. Nh5 Rg8 12. h4 f6 13. Qe2 Be6 14. Qf3 Ng6 15. Nxg7+ Rxg7 16. Qh5 Qd7 17. a4 a5 18. Ne2 Bg4 19. Qxh6 Bxe2 20. Rfe1 Kf7 21. h5 Nf8 22. Bxg5 Rxg5 23. Rxe2 Qg4 24. f3 Qxh5 25. Qxh5+ Rxh5 26. Kf2 Ne6 27. Ke3 Rg8 28. g4 Rh3 29. Rg1 Rgh8 30. Rf2 Rh1 31. Rxh1 Rxh1 32. c3 Ra1 33. Kd2 Rxa4 34. Rf1 c4 35. dxc4 Rxc4 36. Kc2 Rc5 37. b3 a4 38. bxa4 Ra5 39. Rb1 Rxa4 40. Rxb6 c5 41. Kb3 Ra1 42. Kc4 Rc1 43. Rc6 Rf1 44. Kd5 Ng5 45. Rxc5 Rxf3 46. Rc7+ Kg6 47. Rc8 Rd3+ 48. Kc4 Re3 49. Kd5 Nxe4 50. c4 Nf2 51. Ke6 Nxg4 52. c5 Kg5 53. c6 Rc3 54. Kd5 Kf4 55. c7 e4 56. Kd4 Rc1 57. Re8 Rxc7 58. Rxe4+ Kg3 59. Kd3 f5 60. Re8 f4 61. Ke2 f3+ 62. Kd1 Rc4 63. Kd2 f2 64. Rf8 Rf4 65. Rxf4 Kxf4 66. Ke2 Kg3 67. Kf1 Nh2+ 68. Ke2 f1=Q+ 69. Ke3 Kg4 70. Ke4 Qf2 71. Ke5 Qf3 72. Kd4 Qe2 73. Kc3 Kf4 74. Kd4 Nf1 75. Kd5 Qe3 76. Kc6 Qd4 77. Kb5 Qc3 78. Kb6 Qc4 79. Ka5 Qb3 80. Ka6 Ke5 81. Ka7 Kd6 82. Ka6 Kc6 83. Ka5 Qb5# 0-1

[Event "FIDE WY-U16 Olympiad 2022"]
[Site "Nakhchivan"]
[Date "2022.10.07"]
[Round "6.5"]
[White "Sapenov, Daniyal"]
[Black "Daneshvar, Bardiya"]
[Result "0-1"]
[WhiteElo "2323"]
[BlackElo "2515"]
[Annotator "TA"]
[PlyCount "146"]
[EventDate "2022.10.02"]
[EventType "team-tourn"]
[EventCountry "AZE"]
[SourceTitle "playchess.com"]
[Source "ChessBase"]
[SourceQuality "1"]
[WhiteTeam "Kazakhstan"]
[BlackTeam "Iran"]
[WhiteTeamCountry "KAZ"]
[BlackTeamCountry "IRI"]

1. d4 Nf6 2. c4 e6 3. Nf3 d5 4. g3 Bb4+ 5. Bd2 Be7 6. Bg2 O-O 7. O-O c6 8. Qc2 Nbd7 9. Rd1 a5 10. Bf4 h6 11. Nc3 dxc4 12. e4 Nb6 13. Qe2 Ne8 14. Ne5 Nd6 15. h4 a4 16. a3 Nb5 17. Be3 Nxc3 18. bxc3 Qc7 19. Nxc4 Nxc4 20. Qxc4 e5 21. Qe2 Be6 22. d5 cxd5 23. exd5 Bf5 24. c4 Rac8 25. c5 Bxc5 26. Rac1 Qd6 27. Bxc5 Rxc5 28. Rxc5 Qxc5 29. Qxe5 Bd7 30. Qb2 b5 31. d6 Be6 32. Bf1 Bb3 33. Rd4 Rd8 34. d7 Qe5 35. Qd2 Be6 36. Rd6 Qc5 37. Rd4 Qc6 38. Qb2 Rxd7 39. Rxd7 Bxd7 40. Qe5 Qc1 41. h5 Qxa3 42. Bxb5 Qc1+ 43. Kh2 Bxb5 44. Qxb5 Qc2 45. Qb8+ Kh7 46. Qa7 a3 47. Qxa3 Qxf2+ 48. Kh3 Qf1+ 49. Kh4 Qh1+ 50. Kg4 Qe4+ 51. Kh3 f5 52. Kh2 Qe2+ 53. Kg1 Qxh5 54. Qd6 Qf3 55. Qe5 h5 56. Qd6 Qe2 57. Qc7 Qg4 58. Kh2 h4 59. gxh4 Qxh4+ 60. Kg1 Kh6 61. Qe5 Qf6 62. Qc7 Qd4+ 63. Kh1 Qe4+ 64. Kg1 f4 65. Kh2 Kh7 66. Qc8 Qe2+ 67. Kh1 Qe5 68. Qh3+ Kg6 69. Qd3+ Qf5 70. Qd6+ Kh7 71. Qd8 Qe4+ 72. Kg1 f3 73. Qd7 Qe1+ 0-1

[Event "FIDE WY-U16 Olympiad 2022"]
[Site "Nakhchivan"]
[Date "2022.10.07"]
[Round "6.5"]
[White "Shamatava, Nikolozi"]
[Black "Southcott-Moyers, Indy"]
[Result "1-0"]
[WhiteElo "1957"]
[BlackElo "1952"]
[Annotator "TA"]
[PlyCount "128"]
[EventDate "2022.10.02"]
[EventType "team-tourn"]
[EventCountry "AZE"]
[SourceTitle "playchess.com"]
[Source "ChessBase"]
[SourceQuality "1"]
[WhiteTeam "Georgia"]
[BlackTeam "England"]
[WhiteTeamCountry "GEO"]
[BlackTeamCountry "ENG"]

1. d4 d5 2. c4 c6 3. Nf3 Nf6 4. Qc2 dxc4 5. Qxc4 Bf5 6. g3 e6 7. Bg2 Be7 8. O-O O-O 9. e3 Nbd7 10. Rd1 Rc8 11. Qe2 Bg6 12. Nc3 b5 13. b3 Qa5 14. Bb2 Rfd8 15. a3 Qb6 16. Nh4 Bh5 17. Bf3 Bxf3 18. Nxf3 a5 19. e4 b4 20. axb4 axb4 21. Na4 Qb5 22. Qe3 Ng4 23. Qf4 Ngf6 24. h4 Qb8 25. Qe3 Ng4 26. Qe1 c5 27. Rac1 cxd4 28. Rxd4 Rxc1 29. Bxc1 Nde5 30. Nxe5 Nxe5 31. Rxd8+ Qxd8 32. Qe2 h6 33. Be3 Kh7 34. Kg2 f5 35. Bb6 Qa8 36. f3 f4 37. Bc7 Bf6 38. Qb5 Qc6 39. Qxc6 Nxc6 40. Bxf4 Nd4 41. Bd6 Nxb3 42. Bxb4 Nd4 43. Nc5 Nc6 44. Bd2 e5 45. Kf2 Kg6 46. Bc3 Kf7 47. Ke3 Be7 48. Nd3 Ke6 49. f4 exf4+ 50. Nxf4+ Kf7 51. e5 g5 52. e6+ Ke8 53. hxg5 hxg5 54. Nd5 Nd8 55. Nc7+ Kf8 56. Be5 Bc5+ 57. Ke4 Be7 58. Kf5 Nc6 59. g4 Bc5 60. Nd5 Be7 61. Bf6 Bxf6 62. Kxf6 Ke8 63. Kxg5 Ne5 64. Kf5 Nf3 1-0

[Event "FIDE WY-U16 Olympiad 2022"]
[Site "Nakhchivan"]
[Date "2022.10.07"]
[Round "6.6"]
[White "Ashraf, Artin"]
[Black "Nurmanova, Alua"]
[Result "1-0"]
[WhiteElo "2379"]
[BlackElo "2188"]
[Annotator "TA"]
[PlyCount "77"]
[EventDate "2022.10.02"]
[EventType "team-tourn"]
[EventCountry "AZE"]
[SourceTitle "playchess.com"]
[Source "ChessBase"]
[SourceQuality "1"]
[WhiteTeam "Iran"]
[BlackTeam "Kazakhstan"]
[WhiteTeamCountry "IRI"]
[BlackTeamCountry "KAZ"]

1. d4 Nf6 2. Nf3 g6 3. g3 Bg7 4. Bg2 O-O 5. O-O d6 6. b3 c5 7. c4 d5 8. Bb2 cxd4 9. Nbd2 d3 10. exd3 Nc6 11. Ne5 Bf5 12. Nxc6 bxc6 13. Nf3 Qb6 14. Qe2 Rfe8 15. Rac1 e5 16. Qd2 Ng4 17. h3 Bh6 18. Qc2 Bxc1 19. Qxc1 Nf6 20. Nxe5 Re6 21. g4 d4 22. f4 Bxd3 23. Nxd3 Rae8 24. c5 Qb5 25. Qc4 Qxc4 26. bxc4 Ne4 27. Ne5 Ng3 28. Rf3 Ne2+ 29. Kf2 Nxf4 30. Rxf4 Rxe5 31. Bxd4 Re2+ 32. Kg3 R8e6 33. Rf6 a5 34. a4 Kf8 35. g5 Rxf6 36. Bxf6 Re6 37. h4 h5 38. Kf4 Ke8 39. Be5 1-0

[Event "FIDE WY-U16 Olympiad 2022"]
[Site "Nakhchivan"]
[Date "2022.10.07"]
[Round "6.6"]
[White "Pal, Rohan"]
[Black "Kirtadze, Anastasia"]
[Result "0-1"]
[WhiteElo "1871"]
[BlackElo "1814"]
[Annotator "NA RC COMBH"]
[PlyCount "86"]
[EventDate "2022.10.02"]
[EventType "team-tourn"]
[EventCountry "AZE"]
[SourceTitle "playchess.com"]
[Source "ChessBase"]
[SourceQuality "1"]
[WhiteTeam "England"]
[BlackTeam "Georgia"]
[WhiteTeamCountry "ENG"]
[BlackTeamCountry "GEO"]

1. e4 c5 2. Nf3 e6 3. d3 Nc6 4. g3 g6 5. Bg2 Bg7 6. O-O Nge7 7. c3 d5 8. Qe2 d4 9. e5 h6 10. h4 Rb8 11. c4 Nf5 12. Re1 a6 13. Bf4 Bf8 14. Nbd2 Be7 15. Ne4 Ra8 16. Qd2 Qa5 17. Qxa5 Nxa5 18. Nf6+ Kd8 19. b4 Nc6 20. bxc5 Nb4 21. g4 Nc2 22. gxf5 gxf5 23. Nxd4 Nxd4 24. c6 bxc6 25. Be3 Bc5 26. Bxc6 Rb8 27. Rab1 Rxb1 28. Rxb1 Kc7 29. Bg2 f4 30. Bxd4 Bxd4 31. Re1 Bc3 32. Re4 Bb7 33. Rxf4 Bxe5 34. Bxb7 Bxf4 35. Bxa6 Ra8 36. Bb5 Be5 37. Nd7 Bd4 38. c5 Rxa2 39. c6 Rxf2 40. Kh1 Rb2 41. Ba4 Rb4 42. Bc2 Kxc6 43. Nf8 Bg7 0-1

[Event "FIDE WY-U16 Olympiad 2022"]
[Site "Nakhchivan"]
[Date "2022.10.07"]
[Round "6.7"]
[White "Akhilbay, Imangali"]
[Black "Movahed, Sina"]
[Result "0-1"]
[WhiteElo "2098"]
[BlackElo "2325"]
[Annotator "TA"]
[PlyCount "60"]
[EventDate "2022.10.02"]
[EventType "team-tourn"]
[EventCountry "AZE"]
[SourceTitle "playchess.com"]
[Source "ChessBase"]
[SourceQuality "1"]
[WhiteTeam "Kazakhstan"]
[BlackTeam "Iran"]
[WhiteTeamCountry "KAZ"]
[BlackTeamCountry "IRI"]

1. d4 Nf6 2. Nc3 d5 3. Bf4 c5 4. e3 cxd4 5. exd4 a6 6. Nf3 Bg4 7. h3 Bxf3 8. Qxf3 Nc6 9. O-O-O e6 10. g4 Qa5 11. Kb1 Rc8 12. g5 Nd7 13. h4 Qb4 14. Qe3 Ne7 15. Qe1 Kd8 16. Bd2 Qd6 17. Ne2 Qc6 18. c3 Nb6 19. b3 a5 20. Nf4 a4 21. Bd3 axb3 22. axb3 Nc4 23. bxc4 dxc4 24. Bc2 Qb5+ 25. Kc1 Ra8 26. Nxe6+ fxe6 27. Bf4 Ra2 28. Kd2 Qf5 29. Qe3 Qxc2+ 30. Ke1 Nd5 0-1

[Event "FIDE WY-U16 Olympiad 2022"]
[Site "Nakhchivan"]
[Date "2022.10.07"]
[Round "6.7"]
[White "Safarov, Deniel"]
[Black "Subramanian, Anusha"]
[Result "1-0"]
[WhiteElo "2032"]
[BlackElo "1840"]
[Annotator "TA"]
[PlyCount "109"]
[EventDate "2022.10.02"]
[EventType "team-tourn"]
[EventCountry "AZE"]
[SourceTitle "playchess.com"]
[Source "ChessBase"]
[SourceQuality "1"]
[WhiteTeam "Georgia"]
[BlackTeam "England"]
[WhiteTeamCountry "GEO"]
[BlackTeamCountry "ENG"]

1. e4 c6 2. d4 d5 3. Nd2 dxe4 4. Nxe4 Nf6 5. Nxf6+ exf6 6. c3 Bd6 7. Bd3 O-O 8. Qc2 Re8+ 9. Ne2 h5 10. Be3 Nd7 11. O-O-O Nf8 12. c4 Be6 13. Nc3 Rc8 14. Kb1 a6 15. c5 Bc7 16. Be4 Bd5 17. Bxd5 cxd5 18. Qf5 Ba5 19. Nxd5 h4 20. Nf4 g6 21. Qc2 f5 22. g3 Re4 23. Qb3 Rc7 24. f3 Re8 25. d5 Kh7 26. Bd4 Rd7 27. Qc2 Kg8 28. b3 Ne6 29. Nxe6 fxe6 30. d6 e5 31. Bf2 b6 32. b4 bxc5 33. bxa5 Qxa5 34. Ka1 Qb4 35. Bxc5 Qb5 36. Qb3+ Kg7 37. Qxb5 axb5 38. Bb4 Ra8 39. Rc1 Raa7 40. Bc3 Kf7 41. Bxe5 b4 42. Rc7 g5 43. gxh4 gxh4 44. Rg1 Ke6 45. f4 b3 46. Rxa7 Rxa7 47. Rg2 h3 48. Rb2 bxa2 49. Rxa2 Rh7 50. Kb2 Kd5 51. Kc3 Ke6 52. Kc4 Rd7 53. Kc5 Rd8 54. Ra7 Rb8 55. Re7# 1-0

[Event "FIDE WY-U16 Olympiad 2022"]
[Site "Nakhchivan"]
[Date "2022.10.07"]
[Round "6.8"]
[White "Karimi, Setayesh"]
[Black "Nurgaliyev, Sauat"]
[Result "0-1"]
[WhiteElo "1925"]
[BlackElo "2079"]
[Annotator "TA"]
[PlyCount "86"]
[EventDate "2022.10.02"]
[EventType "team-tourn"]
[EventCountry "AZE"]
[SourceTitle "playchess.com"]
[Source "ChessBase"]
[SourceQuality "1"]
[WhiteTeam "Iran"]
[BlackTeam "Kazakhstan"]
[WhiteTeamCountry "IRI"]
[BlackTeamCountry "KAZ"]

1. d4 Nf6 2. c4 g6 3. Nf3 Bg7 4. g3 c6 5. Bg2 d5 6. cxd5 cxd5 7. Nc3 Ne4 8. O-O O-O 9. Qb3 Nc6 10. Rd1 b6 11. Be3 Ba6 12. Nxe4 dxe4 13. Ng5 Na5 14. Qc2 Rc8 15. Qxe4 Bxe2 16. Re1 Ba6 17. Qh4 h6 18. Nf3 e6 19. Qxd8 Rfxd8 20. Rac1 Nc6 21. a3 Nxd4 22. Nxd4 Bxd4 23. Rxc8 Bxc8 24. Rd1 e5 25. Bxd4 exd4 26. f4 Bf5 27. Kf2 Kg7 28. Rd2 Kf6 29. Kf3 a5 30. h3 b5 31. g4 Be6 32. Ke4 Bd5+ 33. Kd3 Bc4+ 34. Ke4 d3 35. Bf1 Re8+ 36. Kd4 Re2 37. Rd1 Rxb2 38. Bxd3 Rb3 39. Bxc4 bxc4 40. Kxc4 Rxa3 41. Rh1 Ra4+ 42. Kb5 Rxf4 43. Kxa5 Kg5 0-1

[Event "FIDE WY-U16 Olympiad 2022"]
[Site "Nakhchivan"]
[Date "2022.10.07"]
[Round "6.8"]
[White "Dasgupta, Avyukt"]
[Black "kiladze, Luka"]
[Result "0-1"]
[WhiteElo "1687"]
[BlackElo "1894"]
[Annotator "NA RC COMBH"]
[PlyCount "120"]
[EventDate "2022.10.02"]
[EventType "team-tourn"]
[EventCountry "AZE"]
[SourceTitle "playchess.com"]
[Source "ChessBase"]
[SourceQuality "1"]
[WhiteTeam "England"]
[BlackTeam "Georgia"]
[WhiteTeamCountry "ENG"]
[BlackTeamCountry "GEO"]

1. b4 Nf6 2. Bb2 e6 3. a3 b6 4. Nf3 Bb7 5. c4 c5 6. b5 Be7 7. e3 O-O 8. d3 d5 9. Nbd2 Nbd7 10. Be2 Qc7 11. d4 Rfd8 12. O-O cxd4 13. Nxd4 Nc5 14. Qc2 Rac8 15. Rac1 dxc4 16. Nxc4 Be4 17. Qc3 Nd5 18. Qe1 Nd3 19. Bxd3 Bxd3 20. Na5 Bc5 21. Nac6 Re8 22. a4 Bxf1 23. Qxf1 Bxd4 24. Bxd4 Ne7 25. Be5 Qd7 26. Rd1 Qb7 27. Nd4 f6 28. Bd6 e5 29. Nf3 Nf5 30. Bb4 Red8 31. Rb1 Qe4 32. Nd2 Qc2 33. Qe1 Rc4 34. Nxc4 Qxc4 35. Qc3 Qe4 36. Rc1 h6 37. g3 Kh7 38. Qc2 Qg4 39. Kg2 e4 40. h3 Qf3+ 41. Kh2 h5 42. Re1 h4 43. g4 Nh6 44. Qe2 Qxe2 45. Rxe2 Nf7 46. Rc2 Ne5 47. Rc1 Rd3 48. Bc3 Nf3+ 49. Kg2 Kg6 50. Bb4 Rb3 51. Rc4 f5 52. gxf5+ Kxf5 53. Bd6 Rb1 54. Bh2 g5 55. Rc7 Ne1+ 56. Kf1 g4 57. Rf7+ Ke6 58. Rf4 Nd3+ 59. Kg2 gxh3+ 60. Kxh3 Nxf4+ 0-1

[Event "FIDE WY-U16 Olympiad 2022"]
[Site "Nakhchivan"]
[Date "2022.10.07"]
[Round "6.9"]
[White "Madaminov, Mukhiddin"]
[Black "Tarhan, Adar"]
[Result "1-0"]
[WhiteElo "2441"]
[BlackElo "2320"]
[Annotator "TA"]
[PlyCount "113"]
[EventDate "2022.10.02"]
[EventType "team-tourn"]
[EventCountry "AZE"]
[SourceTitle "playchess.com"]
[Source "ChessBase"]
[SourceQuality "1"]
[WhiteTeam "Uzbekistan"]
[BlackTeam "Turkey"]
[WhiteTeamCountry "UZB"]
[BlackTeamCountry "TUR"]

1. d4 d5 2. Nc3 Nf6 3. Bf4 c5 4. e3 cxd4 5. exd4 a6 6. Nf3 Nc6 7. Ne5 Bd7 8. g4 Nxe5 9. dxe5 Bxg4 10. f3 Nh5 11. fxg4 Nxf4 12. Qd4 Ne6 13. Qa4+ Qd7 14. Bb5 axb5 15. Qxa8+ Nd8 16. Qa5 Nc6 17. Qa8+ Nd8 18. Qa5 Nc6 19. Qxb5 e6 20. O-O-O Be7 21. Rhe1 O-O 22. Na4 Qc7 23. Qb6 Qb8 24. Nc5 Bxc5 25. Qxc5 Nxe5 26. Qe7 Nc4 27. Qb4 Qxh2 28. b3 Nd6 29. Kb2 Ne4 30. Rxe4 dxe4 31. Qxe4 Qh4 32. Rh1 Qf6+ 33. Kb1 Qg6 34. Qxb7 Qxg4 35. a4 Qf5 36. b4 Qf4 37. Rd1 h5 38. c3 Qc4 39. Kb2 Rc8 40. Rd3 e5 41. a5 e4 42. Re3 Rd8 43. Ka3 Qf1 44. Qxe4 Rd2 45. Re1 Qf6 46. Kb3 g6 47. Ra1 Rd6 48. b5 Re6 49. Qc4 Re5 50. Rf1 Qe7 51. a6 Qe8 52. Kc2 Re2+ 53. Kc1 Kh8 54. a7 Rh2 55. Qf4 Rh3 56. Qf6+ Kg8 57. Qxf7+ 1-0

[Event "FIDE WY-U16 Olympiad 2022"]
[Site "Nakhchivan"]
[Date "2022.10.07"]
[Round "6.9"]
[White "Azadaliyev, Jahandar"]
[Black "Teh, Rui Gen"]
[Result "1/2-1/2"]
[WhiteElo "2304"]
[BlackElo "1824"]
[Annotator "TA"]
[PlyCount "138"]
[EventDate "2022.10.02"]
[EventType "team-tourn"]
[EventCountry "AZE"]
[SourceTitle "playchess.com"]
[Source "ChessBase"]
[SourceQuality "1"]
[WhiteTeam "Azerbaijan"]
[BlackTeam "Malaysia"]
[WhiteTeamCountry "AZE"]
[BlackTeamCountry "MAS"]

1. e4 c5 2. Nf3 g6 3. d4 cxd4 4. Nxd4 Nc6 5. c4 Nf6 6. Nc3 d6 7. Be2 Nxd4 8. Qxd4 Bg7 9. Be3 O-O 10. Qd2 Be6 11. O-O Qa5 12. b3 Rfc8 13. Rfc1 a6 14. a4 Nd7 15. Rab1 Qb4 16. Bd4 Rc7 17. Bxg7 Kxg7 18. Qd4+ Kg8 19. h3 Rac8 20. Qe3 Kg7 21. Kh2 Qc5 22. Qg3 f6 23. f4 Bf7 24. Rd1 Rg8 25. Bg4 Kh8 26. Bxd7 Rxd7 27. Nd5 g5 28. f5 Bxd5 29. Rxd5 Qc6 30. Rbd1 Rc7 31. R1d3 Rg7 32. Qf2 Rc8 33. a5 Rgg8 34. g3 Rc7 35. g4 Rcc8 36. Kg2 Rg7 37. Qa7 b5 38. cxb5 axb5 39. Qf2 Rc7 40. Rd2 Rg8 41. Qe2 Rb8 42. Ra2 Kg7 43. Rdd2 Rbc8 44. a6 Qb6 45. Rd5 Rc5 46. Rxc5 dxc5 47. e5 Rc7 48. exf6+ exf6 49. Qe6 Qa7 50. Rd2 c4 51. bxc4 bxc4 52. Rd8 Rf7 53. Rc8 Qd4 54. Qxc4 Qd2+ 55. Kf1 Qd1+ 56. Kf2 Qd2+ 57. Kf1 Qd1+ 58. Kf2 Qd2+ 59. Qe2 Qf4+ 60. Kg2 Rd7 61. Rc2 Qa4 62. Ra2 Qc6+ 63. Qf3 Qc4 64. Qe2 Qc6+ 65. Qf3 Qc4 66. Qf2 Qc6+ 67. Qf3 Qc4 68. Re2 Qxa6 69. Qe4 Qd6 1/2-1/2

[Event "FIDE WY-U16 Olympiad 2022"]
[Site "Nakhchivan"]
[Date "2022.10.07"]
[Round "6.10"]
[White "Akin, Yagiz Cinar"]
[Black "Begmuratov, Khumoyun"]
[Result "0-1"]
[WhiteElo "2249"]
[BlackElo "2367"]
[Annotator "TA"]
[PlyCount "110"]
[EventDate "2022.10.02"]
[EventType "team-tourn"]
[EventCountry "AZE"]
[SourceTitle "playchess.com"]
[Source "ChessBase"]
[SourceQuality "1"]
[WhiteTeam "Turkey"]
[BlackTeam "Uzbekistan"]
[WhiteTeamCountry "TUR"]
[BlackTeamCountry "UZB"]

1. Nf3 Nf6 2. c4 e6 3. g3 b6 4. Bg2 Bb7 5. O-O Be7 6. Nc3 O-O 7. d4 Ne4 8. Qc2 Nxc3 9. bxc3 Nc6 10. Rb1 Na5 11. Nd2 Bxg2 12. Kxg2 d5 13. c5 Qd7 14. Ba3 bxc5 15. Bxc5 Bxc5 16. dxc5 Qc6 17. Qd3 a6 18. Qd4 Nb7 19. c4 Rfd8 20. Nf3 Na5 21. cxd5 Rxd5 22. Qb4 Qxc5 23. Qxc5 Rxc5 24. Rfc1 Rxc1 25. Rxc1 Rc8 26. Rc5 Nb7 27. Rc6 a5 28. Ne5 Kf8 29. Nd7+ Ke8 30. Nb6 Nd8 31. Rc5 Rb8 32. Nc4 Kd7 33. Rxa5 Nc6 34. Ra3 Rb4 35. Rc3 f6 36. e3 Na7 37. a3 Rb1 38. Rd3+ Ke7 39. Nd2 Rd1 40. Kf3 Nb5 41. a4 Nd6 42. Ke2 Ra1 43. Rc3 Kd8 44. Nb3 Rxa4 45. Nc5 Ra2+ 46. Kf3 Ke7 47. Nb7 Rxf2+ 48. Kg4 f5+ 49. Kh3 Nxb7 50. Rxc7+ Kf6 51. Rxb7 h5 52. Rb8 g5 53. Rf8+ Kg7 54. Re8 Kf6 55. Rf8+ Ke5 0-1

[Event "FIDE WY-U16 Olympiad 2022"]
[Site "Nakhchivan"]
[Date "2022.10.07"]
[Round "6.10"]
[White "Navaratnam, Ishaan Quan Tze"]
[Black "Hajialiyev, Islam"]
[Result "1/2-1/2"]
[WhiteElo "1862"]
[BlackElo "1731"]
[Annotator "NA RC COMBH"]
[PlyCount "101"]
[EventDate "2022.10.02"]
[EventType "team-tourn"]
[EventCountry "AZE"]
[SourceTitle "playchess.com"]
[Source "ChessBase"]
[SourceQuality "1"]
[WhiteTeam "Malaysia"]
[WhiteTeamCountry "MAS"]

1. e4 e6 2. d4 d5 3. exd5 exd5 4. Nc3 Bb4 5. Bd3 Nc6 6. Nge2 Nge7 7. O-O O-O 8. Bg5 f6 9. Bf4 a6 10. Ng3 Nxd4 11. Bxh7+ Kxh7 12. Qxd4 c5 13. Qd3+ Kg8 14. Rad1 Bg4 15. f3 Be6 16. a3 Bxc3 17. Qxc3 Qb6 18. Rfe1 Ng6 19. Nh5 d4 20. Qd3 Kf7 21. Bg3 Rae8 22. Nf4 Nxf4 23. Bxf4 Kg8 24. Qg6 Bf7 25. Qg3 Rxe1+ 26. Rxe1 Re8 27. Rxe8+ Bxe8 28. Bh6 g6 29. h4 Kh7 30. Bf8 Kg8 31. Be7 Kf7 32. Bd6 Ke6 33. Qe1+ Kxd6 34. Qxe8 c4 35. Qf8+ Kd5 36. Qf7+ Ke5 37. Qe7+ Kd5 38. Qf7+ Ke5 39. Qxc4 Qxb2 40. Qd3 f5 41. Kf2 Qc1 42. g3 b5 43. f4+ Kd5 44. Qb3+ Kc5 45. Qb4+ Kc6 46. Qb3 Kb6 47. Qe6+ Kc5 48. Qe5+ Kc6 49. Qe6+ Kc5 50. Qe5+ Kc6 51. Qe6+ 1/2-1/2

[Event "FIDE WY-U16 Olympiad 2022"]
[Site "Nakhchivan"]
[Date "2022.10.07"]
[Round "6.11"]
[White "Rakhmatullaev, Almas"]
[Black "Yavuz, Efe Metehan"]
[Result "1/2-1/2"]
[WhiteElo "2321"]
[BlackElo "2223"]
[Annotator "TA"]
[PlyCount "147"]
[EventDate "2022.10.02"]
[EventType "team-tourn"]
[EventCountry "AZE"]
[SourceTitle "playchess.com"]
[Source "ChessBase"]
[SourceQuality "1"]
[BlackTeam "Turkey"]
[BlackTeamCountry "TUR"]

1. e4 e5 2. Nf3 Nf6 3. Nc3 Nc6 4. Bb5 Nd4 5. O-O Nxb5 6. Nxb5 c6 7. Nc3 d6 8. d4 Qc7 9. a4 Be7 10. Be3 Bg4 11. h3 Bh5 12. a5 O-O 13. dxe5 dxe5 14. Ra4 b5 15. axb6 axb6 16. Rxa8 Rxa8 17. Bg5 b5 18. Bxf6 Bxf6 19. Qd3 Be7 20. Qe3 f6 21. Nh4 Bf7 22. Nf5 Bf8 23. Rd1 Be6 24. b3 Qa5 25. Ng3 Rd8 26. Rxd8 Qxd8 27. Nf1 Qd4 28. Ne2 Qd8 29. Nd2 Bb4 30. c3 Ba5 31. Nc1 Bb6 32. Qd3 Qc7 33. Kf1 Kf7 34. Qf3 Qa7 35. Ke2 Qa1 36. Kd1 Qb2 37. Qh5+ Ke7 38. Qxh7 Kf8 39. Qh8+ Bg8 40. Qh4 Qxc3 41. Qg4 Ba5 42. Qc8+ Ke7 43. Qb7+ Kd8 44. Qb8+ Kd7 45. Qa7+ Ke6 46. Nf3 Bf7 47. Qa8 Bh5 48. Qg8+ Kd6 49. Qf8+ Kc7 50. Qe7+ Kc8 51. Qf8+ Kb7 52. Qxg7+ Kb6 53. Qd7 Bxf3+ 54. gxf3 Qxf3+ 55. Kc2 Qxf2+ 56. Kb1 Qe1 57. Kc2 Qxe4+ 58. Nd3 Qg2+ 59. Kb1 Qf1+ 60. Kc2 Qe2+ 61. Kb1 Qf1+ 62. Kc2 Qg2+ 63. Kb1 Qg8 64. Kc2 Qf8 65. h4 f5 66. b4 Bxb4 67. Nxb4 Qc5+ 68. Kd1 Qg1+ 69. Kc2 Qg2+ 70. Kc3 Qg3+ 71. Kc2 Qf2+ 72. Kb3 Qg3+ 73. Kc2 Qf2+ 74. Kb3 1/2-1/2

[Event "FIDE WY-U16 Olympiad 2022"]
[Site "Nakhchivan"]
[Date "2022.10.07"]
[Round "6.11"]
[White "Shukurova, Aydan"]
[Black "Emran, Muhammad Emir Rasyid"]
[Result "1/2-1/2"]
[WhiteElo "1732"]
[BlackElo "1634"]
[Annotator "NA RC COMBH"]
[PlyCount "62"]
[EventDate "2022.10.02"]
[EventType "team-tourn"]
[EventCountry "AZE"]
[SourceTitle "playchess.com"]
[Source "ChessBase"]
[SourceQuality "1"]
[WhiteTeam "Azerbaijan"]
[BlackTeam "Malaysia"]
[WhiteTeamCountry "AZE"]
[BlackTeamCountry "MAS"]

1. d4 Nf6 2. c4 c5 3. d5 b5 4. cxb5 a6 5. b6 Qxb6 6. Nc3 g6 7. e4 d6 8. Nf3 Bg7 9. Be2 O-O 10. O-O Bg4 11. Nd2 Bxe2 12. Qxe2 Nbd7 13. f4 Qc7 14. a4 e6 15. dxe6 fxe6 16. Nc4 Kh8 17. Rd1 d5 18. exd5 exd5 19. Nxd5 Nxd5 20. Rxd5 Rae8 21. Be3 Bd4 22. Bxd4+ cxd4 23. Qd3 Rxf4 24. g3 Rg4 25. Qf3 Qxc4 26. Rxd7 Qe6 27. Qf7 Qe3+ 28. Kg2 Qe2+ 29. Kg1 Qe3+ 30. Kg2 Qe2+ 31. Kg1 Qe3+ 1/2-1/2

[Event "FIDE WY-U16 Olympiad 2022"]
[Site "Nakhchivan"]
[Date "2022.10.07"]
[Round "6.12"]
[White "Baloglu, Dila"]
[Black "Omonova, Umida"]
[Result "0-1"]
[WhiteElo "1752"]
[BlackElo "2078"]
[Annotator "TA"]
[PlyCount "111"]
[EventDate "2022.10.02"]
[EventType "team-tourn"]
[EventCountry "AZE"]
[SourceTitle "playchess.com"]
[Source "ChessBase"]
[SourceQuality "1"]
[WhiteTeam "Turkey"]
[BlackTeam "Uzbekistan"]
[WhiteTeamCountry "TUR"]
[BlackTeamCountry "UZB"]

1. e4 c5 2. Nf3 Nc6 3. d4 cxd4 4. Nxd4 g6 5. Nc3 Bg7 6. Be3 Nf6 7. Bc4 O-O 8. Bb3 d6 9. h3 Bd7 10. O-O Rc8 11. Re1 a6 12. Qd2 b5 13. Nxc6 Bxc6 14. Bh6 a5 15. Bxg7 Kxg7 16. a4 b4 17. Nd5 e6 18. Nxf6 Qxf6 19. Rad1 Qxb2 20. Qxd6 Qf6 21. Qd4 Rfd8 22. Qxf6+ Kxf6 23. f3 Bb7 24. Kf2 Ba6 25. e5+ Ke7 26. Rxd8 Rxd8 27. Ke3 g5 28. h4 h6 29. hxg5 hxg5 30. Rh1 Rc8 31. Kd4 Bb7 32. Rf1 Bd5 33. Re1 Bxb3 34. cxb3 Rc2 35. g3 Kd7 36. Re3 Kc6 37. Rd3 Rg2 38. g4 Rc2 39. Re3 Rc5 40. Ke4 Rc1 41. Rd3 Kc5 42. Re3 Rc2 43. Re1 Rb2 44. Re3 Rb1 45. f4 Rg1 46. fxg5 Rxg4+ 47. Kd3 Rxg5 48. Rf3 Rf5 49. Rh3 Rxe5 50. Rh8 Rd5+ 51. Ke4 f5+ 52. Ke3 Kd6 53. Rd8+ Ke5 54. Rb8 f4+ 55. Kf3 Rd3+ 56. Ke2 0-1

[Event "FIDE WY-U16 Olympiad 2022"]
[Site "Nakhchivan"]
[Date "2022.10.07"]
[Round "6.12"]
[White "Thamil Manni, Swetha"]
[Black "Jafarova, Aysel"]
[Result "0-1"]
[WhiteElo "1428"]
[BlackElo "1534"]
[Annotator "NA RC COMBH"]
[PlyCount "44"]
[EventDate "2022.10.02"]
[EventType "team-tourn"]
[EventCountry "AZE"]
[SourceTitle "playchess.com"]
[Source "ChessBase"]
[SourceQuality "1"]
[WhiteTeam "Malaysia"]
[WhiteTeamCountry "MAS"]

1. d4 d5 2. Nc3 Nf6 3. Bf4 c5 4. e3 a6 5. dxc5 e6 6. Bxb8 Rxb8 7. b4 b6 8. Qd4 bxc5 9. bxc5 Qc7 10. Bxa6 Bxa6 11. Qa4+ Nd7 12. Qxa6 Nxc5 13. Qe2 Qe5 14. Kd2 Ne4+ 15. Nxe4 Qxa1 16. Nc3 Bb4 17. Qd3 O-O 18. a3 Ba5 19. h4 Rfc8 20. Ke2 Rxc3 21. Qa6 Rxc2+ 22. Kf3 Qf6+ 0-1